| Tag |
First Indicator |
Second Indicator |
Subfields |
| LEADER |
00000cas a2200000 a 4500 |
| 001 |
in00001403392 |
| 005 |
20151020055511.0 |
| 008 |
750727d19691986ctuqr1p 0 a0eng d |
| 010 |
|
|
|a 90644406
|z sf 78000517
|z sn 79005943
|
| 019 |
|
|
|a 03580105
|a 15633406
|
| 022 |
0 |
|
|a 0149-9017
|z 0003-1410
|
| 035 |
|
|
|a (OCoLC)01480916
|
| 035 |
|
|
|9 AHN4631AM
|
| 040 |
|
|
|a MUL
|c MUL
|d FUL
|d BTI
|d NSD
|d DLC
|d NSD
|d OCL
|d AIP
|d NSD
|d BTI
|d NST
|d IUL
|d NST
|d HUL
|d NST
|d DLC
|d NSD
|d OCL
|d NST
|d DLC
|d OCL
|d IUL
|d OCL
|d TXA
|d UtOrBLW
|
| 042 |
|
|
|a nsdp
|a lc
|
| 043 |
|
|
|a n-usn--
|
| 049 |
|
|
|a TXAE
|
| 050 |
0 |
0 |
|a PS243
|b .A55
|
| 090 |
|
|
|a PS217.T7
|b A44
|
| 210 |
0 |
|
|a Am. transcend. q.
|
| 222 |
|
0 |
|a American transcendental quarterly
|
| 245 |
0 |
0 |
|a American transcendental quarterly.
|
| 246 |
1 |
|
|i Issues for 1978- also have title:
|a ATQ
|
| 264 |
|
1 |
|a Hartford, Conn. :
|b [publisher not identified],
|c 1969-
|
| 264 |
|
4 |
|c ©1986
|
| 300 |
|
|
|a 61 volumes :
|b illustrations ;
|c 28 cm.
|
| 310 |
|
|
|a Quarterly
|
| 336 |
|
|
|a text
|b txt
|2 rdacontent
|
| 337 |
|
|
|a unmediated
|b n
|2 rdamedia
|
| 338 |
|
|
|a volume
|b nc
|2 rdacarrier
|
| 362 |
0 |
|
|a No. 1 (I quarter 1969)-issue no. 62 (Dec. 1986).
|
| 500 |
|
|
|a Imprint varies.
|
| 510 |
1 |
|
|a Humanities index
|x 0095-5981
|
| 510 |
2 |
|
|a Abstracts of English studies
|x 0001-3560
|
| 510 |
2 |
|
|a MLA international bibliography of books and articles on the modern languages and literatures (Complete edition)
|x 0024-8215
|
| 520 |
|
|
|a "Journal of New England writers."
|
| 550 |
|
|
|a Vols. for 1969- published by the Emerson Society, and Friends of the New England Writers.
|
| 650 |
|
0 |
|a Transcendentalism (New England)
|x Periodicals.
|
| 710 |
2 |
|
|a Emerson Society.
|
| 710 |
2 |
|
|a Friends of the New England Writers.
|
| 785 |
0 |
0 |
|t ATQ
|w (DLC) 94644236
|w (OCoLC)27655396
|
| 948 |
|
|
|a t1
|
| 999 |
|
|
|a MARS
|
| 999 |
f |
f |
|s aa6ff1fb-dde0-39b9-af7c-218d0426b081
|i a9cade7e-07d2-3bfa-aced-c1429eea0fad
|t 0
|
| 952 |
f |
f |
|p serial
|a Texas A&M University
|b College Station
|c Sterling C. Evans Library
|d Evans: Library Stacks
|t 0
|e PS217.T7 A44
|h Library of Congress classification
|i unmediated -- volume
|k no.36
|l 1977
|m A14842406424
|
| 952 |
f |
f |
|p serial
|a Texas A&M University
|b College Station
|c Sterling C. Evans Library
|d Evans: Library Stacks
|t 0
|e PS217.T7 A44
|h Library of Congress classification
|i unmediated -- volume
|k no.33-34
|l 1977
|m A14842406432
|
| 952 |
f |
f |
|p serial
|a Texas A&M University
|b College Station
|c Sterling C. Evans Library
|d Evans: Library Stacks
|t 0
|e PS217.T7 A44
|h Library of Congress classification
|i unmediated -- volume
|k no.24
|l 1974
|m A14819615102
|
| 952 |
f |
f |
|p serial
|a Texas A&M University
|b College Station
|c Sterling C. Evans Library
|d Evans: Library Stacks
|t 0
|e PS217.T7 A44
|h Library of Congress classification
|i unmediated -- volume
|k no.22
|l 1974
|m A14827398219
|
| 952 |
f |
f |
|p serial
|a Texas A&M University
|b College Station
|c Sterling C. Evans Library
|d Evans: Library Stacks
|t 0
|e PS217.T7 A44
|h Library of Congress classification
|i unmediated -- volume
|k no.29
|l 1976
|m A14842406671
|
| 952 |
f |
f |
|p serial
|a Texas A&M University
|b College Station
|c Sterling C. Evans Library
|d Evans: Library Stacks
|t 0
|e PS217.T7 A44
|h Library of Congress classification
|i unmediated -- volume
|k no.21
|l 1974
|m A14837186088
|
| 952 |
f |
f |
|p serial
|a Texas A&M University
|b College Station
|c Sterling C. Evans Library
|d Evans: Library Stacks
|t 0
|e PS217.T7 A44
|h Library of Congress classification
|i unmediated -- volume
|k no.31
|l 1976
|m A14842406556
|
| 952 |
f |
f |
|p serial
|a Texas A&M University
|b College Station
|c Sterling C. Evans Library
|d Evans: Library Stacks
|t 0
|e PS217.T7 A44
|h Library of Congress classification
|i unmediated -- volume
|k no.27
|l 1975
|m A14842406689
|
| 952 |
f |
f |
|p serial
|a Texas A&M University
|b College Station
|c Sterling C. Evans Library
|d Evans: Library Stacks
|t 0
|e PS217.T7 A44
|h Library of Congress classification
|i unmediated -- volume
|k no.30
|l 1976
|m A14842406796
|
| 952 |
f |
f |
|p serial
|a Texas A&M University
|b College Station
|c Sterling C. Evans Library
|d Evans: Library Stacks
|t 0
|e PS217.T7 A44
|h Library of Congress classification
|i unmediated -- volume
|k no.41-44
|l 1979
|m A14842406788
|
| 952 |
f |
f |
|p serial
|a Texas A&M University
|b College Station
|c Sterling C. Evans Library
|d Evans: Library Stacks
|t 0
|e PS217.T7 A44
|h Library of Congress classification
|i unmediated -- volume
|k no.28:pt.1-4
|l 1975
|m A14842406804
|
| 952 |
f |
f |
|p serial
|a Texas A&M University
|b College Station
|c Sterling C. Evans Library
|d Evans: Library Stacks
|t 0
|e PS217.T7 A44
|h Library of Congress classification
|i unmediated -- volume
|k no.32
|l 1976
|m A14842406911
|
| 952 |
f |
f |
|p serial
|a Texas A&M University
|b College Station
|c Sterling C. Evans Library
|d Evans: Library Stacks
|t 0
|e PS217.T7 A44
|h Library of Congress classification
|i unmediated -- volume
|k no.28:pt.5-7
|l 1975
|m A14842406929
|
| 952 |
f |
f |
|p serial
|a Texas A&M University
|b College Station
|c Sterling C. Evans Library
|d Evans: Library Stacks
|t 0
|e PS217.T7 A44
|h Library of Congress classification
|i unmediated -- volume
|k no.53-54
|l 1982
|m A14842406655
|
| 952 |
f |
f |
|p serial
|a Texas A&M University
|b College Station
|c Sterling C. Evans Library
|d Evans: Library Stacks
|t 0
|e PS217.T7 A44
|h Library of Congress classification
|i unmediated -- volume
|k no.49-52
|l 1981
|m A14842406416
|
| 952 |
f |
f |
|p serial
|a Texas A&M University
|b College Station
|c Sterling C. Evans Library
|d Evans: Library Stacks
|t 0
|e PS217.T7 A44
|h Library of Congress classification
|i unmediated -- volume
|k no.45-48
|l 1980
|m A14842406903
|
| 952 |
f |
f |
|p serial
|a Texas A&M University
|b College Station
|c Sterling C. Evans Library
|d Evans: Library Stacks
|t 0
|e PS217.T7 A44
|h Library of Congress classification
|i unmediated -- volume
|k no.55-58
|l 1985
|m A14842406770
|
| 952 |
f |
f |
|p serial
|a Texas A&M University
|b College Station
|c Sterling C. Evans Library
|d Evans: Library Stacks
|t 0
|e PS217.T7 A44
|h Library of Congress classification
|i unmediated -- volume
|k no.23
|l 1974
|m A14837186096
|
| 952 |
f |
f |
|p serial
|a Texas A&M University
|b College Station
|c Sterling C. Evans Library
|d Evans: Library Stacks
|t 0
|e PS217.T7 A44
|h Library of Congress classification
|i unmediated -- volume
|k no.59-62
|l 1986
|m A14842406895
|
| 952 |
f |
f |
|p serial
|a Texas A&M University
|b College Station
|c Sterling C. Evans Library
|d Evans: Library Stacks
|t 0
|e PS217.T7 A44
|h Library of Congress classification
|i unmediated -- volume
|k no.35
|l 1977
|m A14842406549
|
| 952 |
f |
f |
|p serial
|a Texas A&M University
|b College Station
|c Sterling C. Evans Library
|d Evans: Library Stacks
|t 0
|e PS217.T7 A44
|h Library of Congress classification
|i unmediated -- volume
|k no.37-52:index
|l 1982
|m A14842406531
|
| 952 |
f |
f |
|p serial
|a Texas A&M University
|b College Station
|c Sterling C. Evans Library
|d Evans: Library Stacks
|t 0
|e PS217.T7 A44
|h Library of Congress classification
|i unmediated -- volume
|k no.25-26
|l 1975
|m A14837186101
|
| 952 |
f |
f |
|p serial
|a Texas A&M University
|b College Station
|c Sterling C. Evans Library
|d Evans: Library Stacks
|t 0
|e PS217.T7 A44
|h Library of Congress classification
|i unmediated -- volume
|k no.37-40
|l 1978
|m A14842406663
|
| 998 |
f |
f |
|a PS217.T7 A44
|s no.21-62 (1974-1986)
|t 0
|l Evans: Library Stacks
|